100 rugby players by picture. - Statistics

General Stats
  • This quiz has been taken 164 times
  • The average score is 40 of 100
Answer Stats
Picture Answer % Correct
Antoine Dupont
92%
Maro Itoje
82%
Chelsin Kolbe
81%
Eben Etzebeth
79%
Owen Farrell
78%
Damian Penaud
73%
Faf de Klerk
70%
Jonah Lomu
69%
Bauden Barrett
68%
Dan Carter
68%
Siya Kolisi
68%
Jonathan Sexton
67%
Ardie Savea
66%
Dan Biggar
64%
Marcus Smith
64%
Finn Russell
62%
Jonny Wilkinson
61%
Peter-Steph Du Toit
61%
Stuart Hogg
61%
Ange Capuozzo
60%
Julian Savea
59%
Leigh Halfpenny
59%
Bryan Habana
58%
George North
57%
Sébastien Chabal
56%
Josua Tuisova
54%
Quade Cooper
54%
Richie McCaw
54%
Ma'a Nonu
53%
Ben Youngs
52%
Brodie Retallick
51%
Alun Wyn Jones
50%
Brian O'Driscoll
50%
Gaël Fickou
50%
Romain Ntamack
50%
Josh van der Flier
48%
Michael Hooper
47%
Garry Ringrose
46%
Ronan O'Gara
46%
Billy Vunipola
44%
Duhan Van der Merwe
44%
Jason Robinson
42%
Cian Healy
41%
Lukhanyo Am
41%
Paul O'Connell
41%
Semi Radradra
41%
Conor Murray
40%
Sergio Parisse
39%
Virimi Vakatawa
38%
Fabien Galthié
37%
Greg Laidlaw
37%
Sam Warburton
37%
Thierry Dusautoir
36%
Frédéric Michalak
34%
Shane Williams
34%
Vincent Clerc
34%
David Pocock
33%
Rory Best
33%
Serge Blanco
33%
Hamish Watson
31%
Adam Jones
30%
Kotaro Matsushima
30%
Nicolas Sanchez
30%
Christophe Dominici
29%
Kieran Read
29%
Jonathan Davies
28%
Rob Valetini
27%
Keith Wood
26%
Dylan Hartley
25%
Bernard Foley
24%
David Campese
24%
Gareth Edwards
24%
George Gregan
24%
Matt Giteau
24%
Martin Castrogiovanni
23%
Emiliano Boffelli
22%
François Pienaar
22%
François Steyn
22%
Gavin Hastings
20%
Gethin Jenkins
20%
Juan Imhoff
20%
Mauro Bergamasco
20%
Rory Underwood
20%
Schalk Burger
20%
Tony Woodcock
20%
Waisea Nayacalevu
20%
Philippe Sella
19%
Juan-Martin Hernandez
18%
Diego Dominguez
17%
Doug Howlett
17%
John Eales
16%
Percy Montgomery
16%
Augustin Pichot
15%
Leone Nakarawa
15%
Andrew Mehrtens
14%
Stephen Larkham
12%
Hugo Porta
10%
Naas Botha
9%
Alessandro Zanni
7%
Samu Kerevi
7%
No matching quizzes found
Score Distribution
Percent of People with Each Score
Percentile by Number Answered
Your Score History
You have not taken this quiz